Overcoming attention deficit disorders in children, adolescents, and adults / (Record no. 14410)
[ view plain ]
| 000 -LEADER | |
|---|---|
| fixed length control field | 00580cam a22001694a 4500 |
| 020 ## - ISBN | |
| International Standard Book Number | 1416400567 (pbk. : alk. paper) |
| 050 00 - LIBRARY OF CONGRESS CALL NUMBER | |
| Classification Number | RJ506.H9 |
| Item Number | J67 2006 |
| 100 1# - MAIN ENTRY--Author | |
| Personal name | Jordan, Dale R. |
| 245 10 - TITLE | |
| Title | Overcoming attention deficit disorders in children, adolescents, and adults / |
| Statement of responsibility, etc | Dale R. Jordan. |
| 250 ## - EDITIONSTATEMENT | |
| Edition statement | 4th ed. |
| 260 ## - PUBLICATION, DISTRIBUTION, ETC.(IMPRINT) | |
| Place of publication, distribution, etc | Austin, Tex. : |
| Name of publisher, distributor, etc | PRO-ED, |
| Date of publication, distribution, etc | c2006. |
| 300 ## - PHYSICAL DESCRIPTION | |
| Extent | xviii, 341 p. : |
| 500 ## - GENERALNOTE | |
| General note | Rev. ed. of: Attention deficit disorder. 3rd. c1998. |
| 700 1# - ADDED ENTRY--PERSONAL AUTHOR | |
| Personal Name | Jordan, Dale R. |
| 856 41 - URL/ELECTRONIC LOCATION AND ACCESS | |
| Uniform Resource Identifier | <a href="http://www.loc.gov/catdir/toc/ecip054/2004027738.html">http://www.loc.gov/catdir/toc/ecip054/2004027738.html</a> |
| 942 ## - ADDED ENTRY ELEMENTS(KOHA) | |
| Source of classification or shelving scheme | Library of Congress Classification |
| Koha item type | General circulation |
| Source of classification or shelving scheme | Not for loan | Location (home branch) | Sublocation (holding branch) | Shelving location | Date accessioned | Full call number | Barcode | Nonpublic note | Koha item type |
|---|---|---|---|---|---|---|---|---|---|
| Library of Congress Classification | Main Campus Library | Main Campus Library | 23/05/2016 | RJ506.H9 J67 2006 | 2016/018331 | amm | General circulation |